Szczegóły MARC21

Dzieje Polski nowożytnej. T. 1-2 /

003 -Nazwa inst., której nr kontr. jest w polu 001 [,]
    • @
    • Nazwa instytucji, której n kontrolny jest w polu 001
    • NUKAT
005 -DATA I CZAS OSTATNIEJ MODYFIKACJI [,]
    • @
    • pole kontrolne
    • 20241231090059.0
020 -Międzynarod. znormalizowany nr książki - ISBN [ , ]
    • a
    • Numer ISBN
    • 8321107303 Find
040 -Instytucja sporządzająca opis [ , ]
    • a
    • Instytucja, która sporządziła opis (NP)
    • TOR U/lf
    • c
    • Instytucja, która sporządziła rekord (NP)
    • TOR U/lf
    • d
    • Instytucja, która zmodyfikowała rekord (P)
    • TOR U/LF
    • d
    • Instytucja, która zmodyfikowała rekord (P)
    • Ł U/MSs
    • d
    • Instytucja, która zmodyfikowała rekord (P)
    • KR U/56AA
942 -Rodzaj dokumentu [ , ]
    • c
    • Rodzaj dokumentu
    • Książka
100 -Hasło główne - nazwa osobowa [1, ]
    • a
    • Nazwa osobowa (NP)
    • Konopczyński, Władysław
    • d
    • Daty biograficzne (NP)
    • (1880-1952).
    • 9
    • KHW
    • 11145
245 -Strefa tytułu i oznaczenia odpowiedzialności [1,0]
    • a
    • Tytuł
    • Dzieje Polski nowożytnej. Find
    • n
    • Oznaczenie części (P)
    • T. 1-2 /
    • c
    • Pozostałe elementy strefy tytułu i oznaczenia odpowiedzialności (NP)
    • Władysław Konopczyński.
250 -Strefa wydania [ , ]
    • a
    • Oznaczenie wydania (NP)
    • Wyd. 3 krajowe uzup. /
    • b
    • Ciąg dalszy strefy wydania (NP)
    • / wstęp Jerzy Maternicki ; oprac. tekstu i przypisy Jan Dzięgielewski, Mirosław Nagielski ; posł. J. Dzięgielewski.
260 -Strefa adresu wydawniczego [ , ]
    • a
    • Miejsce wydania (P)
    • Warszawa :
    • b
    • Nazwa wydawcy (P)
    • "Pax",
    • c
    • Data wydania (P)
    • 1996.
300 -Strefa opisu fizycznego [ , ]
    • a
    • Określenie formy książki i/lub objętość (NP)
    • 2 t. w 1 wol. (808, [4]) s. ;
    • c
    • Format (NP)
    • 25 cm.
336 -Typ zawartości [ , ]
    • a
    • Termin opisujący typ zawartości
    • Tekst
    • b
    • Kod określający zawartość
    • txt
    • 2
    • Źródło (terminu i kodu)
    • rdacontent
337 -Typ mediów [ , ]
    • a
    • Tryb odtwarzania
    • Bez urządzenia pośredniczącego
    • b
    • Kod typu mediów
    • n
    • 2
    • Źródło (terminu i kodu)
    • rdamedia
338 -Typ/rodzaj nośnika [ , ]
    • a
    • Hasło opisujące typ nośnika
    • Wolumin
    • b
    • Kod typu nośnika
    • nc
    • 2
    • Źródło (terminu i kodu)
    • rdacarrier
504 -Uwaga dot. bibliogr. załącznikowej [ , ]
    • a
    • Uwaga dot. bibliografii załącznikowej
    • Bibliogr. 388-400, 716-744.
504 -Uwaga dot. bibliogr. załącznikowej [ , ]
    • a
    • Uwaga dot. bibliografii załącznikowej
    • Indeksy.
080 -Uniwersalna Klasyfikacja Dziesiętna [ , ]
    • a
    • Symbol klasyfikacji
    • 94(438).03
    • 2
    • Identyfikator wydania tablic
    • UDC-P058
    • 9
    • UKD
    • 7015
    • b
    • Dopowiedzenie
    • Historia Polski. Dynastia Jagiellonów (1386-1572).
080 -Uniwersalna Klasyfikacja Dziesiętna [ , ]
    • a
    • Symbol klasyfikacji
    • 94(438).04
    • 2
    • Identyfikator wydania tablic
    • UDC-P058
    • 9
    • UKD
    • 7016
    • b
    • Dopowiedzenie
    • Historia Polski. Królowie elekcyjni (do Sasów włącznie) (1573-1763).
080 -Uniwersalna Klasyfikacja Dziesiętna [ , ]
    • a
    • Symbol klasyfikacji
    • 94(438).06
    • 2
    • Identyfikator wydania tablic
    • UDC-P058
    • 9
    • UKD
    • 7017
    • b
    • Dopowiedzenie
    • Historia Polski. Stanisław August Poniatowski. Rozbiory (1764-1795).
651 -Hasło przedmiotowe w formie nazwy geograficznej [ ,7]
    • a
    • Nazwa geograficzna
    • Polska
    • y
    • Określnik chronologiczny
    • 1500-1795.
    • 2
    • Źródło terminu
    • kaba
    • 9
    • KHW
    • 124896
980 -Symbol UKD [ , ]
    • a
    • UKD
    • 94(438).03/06
700 -Hasło dodatkowe - nazwa osobowa [1, ]
    • a
    • Nazwa osobowa (NP)
    • Maternicki, Jerzy Find
    • d
    • Daty biograficzne (NP)
    • (1935- ).
    • e
    • Określenie rodzaju współpracy
    • Przedm.
    • 9
    • KHW
    • 11146
700 -Hasło dodatkowe - nazwa osobowa [1, ]
    • a
    • Nazwa osobowa (NP)
    • Dzięgielewski, Jan Find
    • d
    • Daty biograficzne (NP)
    • (1948- ).
    • e
    • Określenie rodzaju współpracy
    • Oprac.
    • 9
    • KHW
    • 11147
700 -Hasło dodatkowe - nazwa osobowa [1, ]
    • a
    • Nazwa osobowa (NP)
    • Nagielski, Mirosław Find
    • d
    • Daty biograficzne (NP)
    • (1952- ).
    • e
    • Określenie rodzaju współpracy
    • Oprac.
    • 9
    • KHW
    • 11148
710 -Hasło dodatkowe - nazwa ciała zbiorowego [2, ]
    • a
    • Nazwa ciała zbiorowego lub nazwa geograficzna jako pierwszy element (NP)
    • Instytut Wydawniczy "Pax".
    • 4
    • Kod relacji
    • pbl
    • 9
    • KHW
    • 53061
920 -ISBN [ , ]
    • a
    • ISBN
    • 83-211-0730-3 Find
Data inwentaryzacji Lokalizacja Status udost. Numer inwentarzowy Sygnatura
1997-06-13BG1Z.89624egz.arch.
1997-08-07BG-3W.191432W.191432
1997-08-07BG-3W.191433W.191432
1997-08-07BG-3W.191434W.191432
1997-08-07BG-3W.191435W.191432
1997-06-13BNS1H.6386